El filósofo como buscador del sentido propio (Registro nro. 21748)

Detalles MARC
000 -LEADER
fixed length control field 00323 a2200109 4500
001 - CONTROL NUMBER
control field ART_41948
005 - DATE AND TIME OF LATEST TRANSACTION
control field 20260410161814.0
008 - FIXED-LENGTH DATA ELEMENTS--GENERAL INFORMATION
fixed length control field 260409a
100 1# - MAIN ENTRY--PERSONAL NAME
Personal name D'Auria, Aníbal
245 10 - TITLE STATEMENT
Title El filósofo como buscador del sentido propio
773 0# - HOST ITEM ENTRY
Title Academia
Related parts - Año 8, Nº 15 (ene./jun. 2010)
Record control number REV4314

No hay ítems disponibles.